| 000 -LEADER |
| fixed length control field |
00543cam a22001817i 4500 |
| 003 - CONTROL NUMBER IDENTIFIER |
| control field |
OSt |
| 005 - DATE AND TIME OF LATEST TRANSACTION |
| control field |
20200312055438.0 |
| 008 - FIXED-LENGTH DATA ELEMENTS--GENERAL INFORMATION |
| fixed length control field |
200311s2003 at a 001 0 eng |
| 020 ## - INTERNATIONAL STANDARD BOOK NUMBER |
| International Standard Book Number |
9781876907693 |
| Qualifying information |
(hardcover) |
| 040 ## - CATALOGING SOURCE |
| Original cataloging agency |
DLC |
| Language of cataloging |
eng |
| Description conventions |
rda |
| Transcribing agency |
DLC |
| 082 ## - DEWEY DECIMAL CLASSIFICATION NUMBER |
| Classification number |
728.314097 |
| Item number |
CRO |
| 100 1# - MAIN ENTRY--PERSONAL NAME |
| Personal name |
Crosbie, Michael J., |
| Relator term |
author. |
| 245 10 - TITLE STATEMENT |
| Title |
Multi-family housing : |
| Remainder of title |
the art of sharing / |
| Statement of responsibility, etc |
Michael J. Crosbie. |
| 300 ## - PHYSICAL DESCRIPTION |
| Extent |
208 pages : |
| Other physical details |
illustrations (chiefly color) ; |
| Dimensions |
31 cm |
| 500 ## - GENERAL NOTE |
| General note |
includes index. |
| 653 ## - INDEX TERM--UNCONTROLLED |
| Uncontrolled term |
Apartment houses. |
| 942 ## - ADDED ENTRY ELEMENTS (KOHA) |
| Source of classification or shelving scheme |
|